Ubuntu Unleashed /

Αποθηκεύτηκε σε:
Λεπτομέρειες βιβλιογραφικής εγγραφής
Κύριος συγγραφέας: Hudson, Andrew (autor)
Άλλοι συγγραφείς: Hudson, Paul (autor) (autor)
Μορφή: Βιβλίο
Γλώσσα:Αγγλικά
Έκδοση: Indianápolis, EUA : Sams, 2008, c2008
Έκδοση:2a edición
Θέματα:
Ετικέτες: Προσθήκη ετικέτας
Δεν υπάρχουν, Καταχωρήστε ετικέτα πρώτοι!

MARC

LEADER 00000nam^a2200000^a^4500
001 000271754
005 20250521000000.0
009 20260310111038.496
020 |a 978-0-672-32951-7 
037 |a Acervo ITESO - Biblioteca 
041 |a ING 
082 |a 005. 43  |b HUD 
100 |a Hudson, Andrew  |e (autor) 
245 1 0 |a Ubuntu Unleashed /  |c A. Hudson, P. Hudson. 
250 |a 2a edición 
264 4 |a Indianápolis, EUA :  |b Sams,  |c 2008, c2008 
300 |a XXVI, 871 p. +  |e 1 DVD de computadora 
336 |a texto  |b txt  |2 rdacontenido 
337 |a sin mediación  |b n  |2 rdamedio 
338 |a volumen  |b nc  |2 rdasoporte 
649 |a XX 
650 |a Código Abierto (Software) 
650 |a Redes de Computadoras 
650 |a Comunicación en Red 
650 |a Sistemas Operativos -  |x Tema Principal 
650 |a Sistemas Computacionales 
650 |a Ingeniería Computacional 
700 |a Hudson, Paul  |e (autor) 
910 |a Fondo General 
920 |a Impresos - Libros 
930 |a Colección General 
905 |a 101 
901 |a 0500157727  |b IT1  |c ACC  |u 20250521 
901 |a 0500230741  |b IT2  |c DWS  |u 20250521 
902 |a https://opac.biblio.iteso.mx/vufind/Record/000271754